Building, planning designing and scheduling
Guardat en:
| Autor principal: | |
|---|---|
| Format: | Llibre |
| Idioma: | anglès |
| Publicat: |
Standard Publishers
2012
|
| Etiquetes: |
Afegir etiqueta
Sense etiquetes, Sigues el primer a etiquetar aquest registre!
|
MARC
| LEADER | 00000nam a22000007a 4500 | ||
|---|---|---|---|
| 008 | 210430b ||||| |||| 00| 0 eng d | ||
| 020 | |a 81-8014-005-9 | ||
| 100 | |a SINGH, Gurcharan | ||
| 245 | |a Building, planning designing and scheduling |c Gurcharan Singh and Jagdish Singh |g 388p.; ill. | ||
| 250 | |b 5th ed. | ||
| 260 | |b Standard Publishers |c 2012 |h New Delhi |i 679793 |l NA2750 .Si6 |m Architectural design. | ||
| 942 | |a lcc |c BK |e Adekanye, I. H. |f 30/04/2021 | ||
| 952 | |0 0 |1 0 |2 lcc |4 0 |6 NA2750 S I6 |7 0 |9 2377 |a HOL |b HOL |c LP |d 2021-04-30 |l 0 |o NA2750 .Si6 |p 2021-6229 |r 2021-04-30 00:00:00 |w 2021-04-30 |y BK | ||
| 999 | |c 1228 |d 1228 | ||